000 00539nam a2200193Ia 4500
003 GCL
008 140319s9999 xx 000 0 eng d
040 _aGCL /
_cGCL
082 0 4 _a404.2
_bB L
100 1 _aBIALYSTOK, ELLEN
245 1 0 _aLANGUAGE PROCESSING IN BILINGUAL CHILDREN /
_cBIALYSTOK, ELLEN
260 _a[S.N] :
_bCAMBRIBGE UNIVERSITY PRESS ،
_c1991
300 _a238 P
650 0 4 _aBILINGUAL DICTIONRIES
650 0 4 _aEDUCATION
650 0 4 _aBILINGUALISM IN CHILDREN
650 0 4 _aPSYCHOLINGUISTICS
942 _2ddc
_cBK
999 _c24482
_d24482